000 00733nam a2200253Ia 4500
003 OSt
005 20220928111224.0
006 a|||||r|||| 00| 0
007 ta
008 220927b |||||||| |||| 00| 0 hin d
020 _c170
024 _a124080
037 _b215, 20/02/2014, Kiran Book Service
_cTextual
040 _aSDCL
_cSDCL
_bhin
041 _2hin
_ahin
082 _a0152,3N45x, Q3
100 _aDiwakar Ramdhari Singh
_9422837
245 0 _aHartali mod
260 _aNew Delhi
_bBhartiya Jnanpith
_c2013
300 _a7;129p
_ccm.
650 _aHindi
_9391598
942 _h0152,3N45x, Q3
_cTEXL
_2CC
999 _c739269
_d739269